000 01052nam a2200229Ia 4500
999 _c50921
_d50921
001 17876
003 GE_BSU
005 20200227102751.0
008 181216s1940ge xx |||||||||||||| ||geo||
040 _cGE_BSU
041 _ageo
080 _a821.353.1-2 შ-51
100 _aშერვაშიძე, ა. (ამირან)
_97533
245 _aკრავჩუკის ცრემლები : პიესა 4 მოქმედებად და 5 სურათად = Слезы Кравчука /
_c ა. შერვაშიძე, ; რედ. ლ.შარაშიძე.
264 _aბათუმი :
_bაჭარის სახელგამი,
_c1940.
300 _a87 გვ. ;
_c14 სმ.
546 _aდამატებითი თავფურცელი რუსულ ენაზე.
653 _aკრავჩუკის ცრემლები
653 _aპიესა
700 _a.შარაშიძე, ლ
_eრედაქტორი
_97534
942 _cBK
_2udc